Interventoria y Seguimiento de Proyectos públicos : (Registro nro. 5918)
[ vista simple ]
| 000 -LEADER | |
|---|---|
| fixed length control field | 01733nam a2200313Ia 4500 |
| 003 - CONTROL NUMBER IDENTIFIER | |
| control field | OSt |
| 005 - DATE AND TIME OF LATEST TRANSACTION | |
| control field | 20200827152912.0 |
| 008 - FIXED-LENGTH DATA ELEMENTS--GENERAL INFORMATION | |
| fixed length control field | 191128s2010 ck fr 100 0 spa d |
| 020 ## - INTERNATIONAL STANDARD BOOK NUMBER | |
| International Standard Book Number | 9789587195743 |
| 040 ## - CATALOGING SOURCE | |
| Original cataloging agency | CO-JMCR |
| Transcribing agency | CO-JMCR |
| 041 0# - LANGUAGE CODE | |
| Language code of text/sound track or separate title | spa |
| 082 04 - DEWEY DECIMAL CLASSIFICATION NUMBER | |
| Classification number | 350.86029 / |
| Item number | S471i |
| Edition number | 23 |
| 111 2# - MAIN ENTRY--MEETING NAME | |
| Meeting name or jurisdiction name as entry element | Seminario Internacional de Interventoría y seguimiento de proyectos públicos |
| Date of meeting or treaty signing | (2009 : |
| Location of meeting | Bogotá) |
| 9 (RLIN) | 9379 |
| 245 10 - TITLE STATEMENT | |
| Title | Interventoria y Seguimiento de Proyectos públicos : |
| Remainder of title | memorias / |
| Statement of responsibility, etc. | Seminario Internacional de Interventoría y seguimiento de proyectos públicos ; editores Manuel F. Jiménez Moriones, Alejandro Pérez Hualde y Jaime Lemoine Gaitán |
| 250 ## - EDITION STATEMENT | |
| Edition statement | Primera edición |
| 260 ## - PUBLICATION, DISTRIBUTION, ETC. | |
| Place of publication, distribution, etc. | Bogotá : |
| Name of publisher, distributor, etc. | Universidad Nacional de Colombia, |
| Date of publication, distribution, etc. | 2010 |
| 300 ## - PHYSICAL DESCRIPTION | |
| Extent | 159 páginas : |
| Other physical details | ilustraciones a blanco y negro ; |
| Dimensions | 24 cm. |
| 500 ## - GENERAL NOTE | |
| General note | Incluye datos biográficos de los editores en solapa frontal. |
| 504 ## - BIBLIOGRAPHY, ETC. NOTE | |
| Bibliography, etc. note | Bibliografía: páginas 153-159 |
| 505 0# - FORMATTED CONTENTS NOTE | |
| Title | Control de contratros en el marco de proyectos realizados con financiación pública / |
| Statement of responsibility | Alejandro Pérez Hualde |
| Title | Interventoria de proyectos públicos / |
| Statement of responsibility | Manuel F. Jiménez Moriones |
| Title | Responsabilidad del interventor / |
| Statement of responsibility | Jaimer Lemoine Gaitán |
| 650 14 - SUBJECT ADDED ENTRY--TOPICAL TERM | |
| Topical term or geographic name entry element | Control de Proyectos |
| Form subdivision | congresos, conferencias, etc. |
| General subdivision | auditoría |
| Geographic subdivision | Colombia |
| 9 (RLIN) | 9380 |
| 650 14 - SUBJECT ADDED ENTRY--TOPICAL TERM | |
| Topical term or geographic name entry element | Contratos públicos |
| Form subdivision | congresos, conferencias, etc. |
| 9 (RLIN) | 9381 |
| 650 14 - SUBJECT ADDED ENTRY--TOPICAL TERM | |
| Topical term or geographic name entry element | Control de proyectos |
| Form subdivision | congresos, conferencias, etc. |
| 9 (RLIN) | 9382 |
| 650 14 - SUBJECT ADDED ENTRY--TOPICAL TERM | |
| Topical term or geographic name entry element | Contratos públicos |
| Form subdivision | congresos, conferencias, etc. |
| Geographic subdivision | Colombia |
| 9 (RLIN) | 9383 |
| 700 1# - ADDED ENTRY--PERSONAL NAME | |
| Personal name | Jiménez Moriones, Manuel F., |
| Relator term | editor |
| 9 (RLIN) | 9384 |
| 700 1# - ADDED ENTRY--PERSONAL NAME | |
| Personal name | Pérez Hualde, Alejandro, |
| Relator term | editor |
| 9 (RLIN) | 9386 |
| 700 1# - ADDED ENTRY--PERSONAL NAME | |
| Personal name | Lemoine Gaitán, Jaime, |
| Relator term | editor |
| 9 (RLIN) | 9387 |
| 942 ## - ADDED ENTRY ELEMENTS (KOHA) | |
| Source of classification or shelving scheme | Dewey Decimal Classification |
| Koha item type | Books |
| Withdrawn status | Lost status | Source of classification or shelving scheme | Damaged status | Not for loan | Collection code | Home library | Current library | Date acquired | Source of acquisition | Full call number | Barcode | Date last seen | Copy number | Koha item type |
|---|---|---|---|---|---|---|---|---|---|---|---|---|---|---|
| Dewey Decimal Classification | Non-fiction | Biblioteca Pública José María del Castillo y Rada | Biblioteca Pública José María del Castillo y Rada | 04/15/2018 | Donación | 350.86029 / S471i | 430009739 | 05/16/2024 | Ej.1 | Books |